[Event "V Weekend"]
[Site "Rivarolo Mantovano ITA"]
[Date "2007.10.14"]
[Round "4"]
[White "Panizzi, Giuseppe"]
[Black "Buccella, Francescantonio"]
[Result "0-1"]
[WhiteElo "2131"]
[BlackElo "1509"]
[PlyCount "102"]
[EventDate "2007.10.12"]

1. Nf3 Nc6 2. d4 d5 3. Bf4 g6 4. e3 Bg7 5. Be2 Nf6 6. h3 O-O 7. Na3 a6 8. c4 e6
9. Rc1 Re8 10. O-O Re7 11. Qb3 Nh5 12. Bh2 Nf6 13. Rfd1 h6 14. Bd3 Nh7 15. Qc3
Rd7 16. cxd5 exd5 17. Bf4 Nf6 18. Ne5 Nxe5 19. Bxe5 c6 20. Qc2 Qe8 21. Nb1 Kh8
22. Nd2 Re7 23. Nf3 Be6 24. Bd6 Rd7 25. Bc5 Ng8 26. h4 Bg4 27. Be2 Qe6 28. Nh2
Bf5 29. Bd3 Be4 30. Re1 f5 31. f3 Bxd3 32. Qxd3 Nf6 33. Qf1 h5 34. Qf2 Bh6 35.
Nf1 Rg8 36. Rc2 g5 37. Kh1 g4 38. Ng3 Rdg7 39. f4 Ne4 40. Nxe4 Qxe4 41. Rc3 g3
42. Qc2 Qe6 43. Qb3 Qf6 44. Kg1 Qxh4 45. Qc2 Qh2+ 46. Kf1 Qh1+ 47. Ke2 Qxg2+
48. Kd1 Qxc2+ 49. Rxc2 g2 50. Rg1 h4 51. Bf8 Rg3 0-1

[Event "V Weekend"]
[Site "Rivarolo Mantovano ITA"]
[Date "2007.10.14"]
[Round "4"]
[White "Pellizzari, Marco"]
[Black "Gualtieri, Primo"]
[Result "1/2-1/2"]
[WhiteElo "1440"]
[BlackElo "1679"]
[PlyCount "56"]
[EventDate "2007.10.12"]

1. e4 c5 2. Nf3 e6 3. d4 cxd4 4. Nxd4 Nf6 5. Nc3 Bb4 6. Ndb5 d6 7. e5 dxe5 8.
Qxd8+ Kxd8 9. Bg5 a6 10. Rd1+ Nbd7 11. Nd6 Ke7 12. Nde4 h6 13. Bxf6+ Nxf6 14.
Nxf6 Bxc3+ 15. bxc3 gxf6 16. Bc4 Bd7 17. O-O Ba4 18. Bb3 Bxb3 19. cxb3 Rad8 20.
Rxd8 Rxd8 21. Rc1 Rd2 22. a4 Rb2 23. b4 b6 24. g3 Ra2 25. c4 Rxa4 26. c5 bxc5
27. bxc5 Kd7 28. c6+ Kc7 1/2-1/2

[Event "V Weekend"]
[Site "Rivarolo Mantovano ITA"]
[Date "2007.10.14"]
[Round "4"]
[White "Pipitone, Antonio"]
[Black "Bozuffi, Italo"]
[Result "1/2-1/2"]
[WhiteElo "2028"]
[BlackElo "1882"]
[PlyCount "104"]
[EventDate "2007.10.12"]

1. e4 g6 2. d4 Nh6 3. Nf3 Bg7 4. Nc3 f6 5. Be2 O-O 6. O-O e6 7. h3 b6 8. Re1
Nf7 9. Be3 Bb7 10. d5 e5 11. a4 a6 12. Bc4 Kh8 13. Qd2 Nd6 14. Bd3 Nf7 15. Nh2
Qe7 16. Ne2 d6 17. c4 Nd7 18. Bc2 a5 19. b4 Ng5 20. Rab1 Bc8 21. Ng3 Nb8 22. h4
Nf7 23. h5 gxh5 24. Nxh5 Rg8 25. Nxg7 Rxg7 26. b5 Qd7 27. Kf1 Ng5 28. Bxg5 fxg5
29. Re3 Qe7 30. Rg3 Nd7 31. f3 Nc5 32. Ng4 Bxg4 33. Rxg4 Rf8 34. Kf2 Nd7 35.
Rh1 Nf6 36. Rg3 g4 37. Ke1 gxf3 38. Rxf3 Rfg8 39. Rf2 Ng4 40. Re2 Qf7 41. Kd1
Rf8 42. Kc1 Qg6 43. Kb2 Rgf7 44. Rhe1 Nf2 45. Rg1 Ng4 46. Rge1 Nh2 47. Qe3 Nf1
48. Qg1 Ng3 49. Rd2 Qg5 50. Rd3 Rf1 51. Qe3 Qxe3 52. Rexe3 Nh5 1/2-1/2

[Event "V Weekend"]
[Site "Rivarolo Mantovano ITA"]
[Date "2007.10.14"]
[Round "4"]
[White "Salami, Marco"]
[Black "Moi, Roberto"]
[Result "1-0"]
[WhiteElo "2225"]
[BlackElo "1939"]
[PlyCount "35"]
[EventDate "2007.10.12"]

1. d4 d5 2. Nc3 Nf6 3. Bg5 e6 4. Nf3 Be7 5. Bxf6 Bxf6 6. e4 dxe4 7. Nxe4 Be7 8.
Bd3 Nd7 9. Qe2 b6 10. O-O-O Bb7 11. Kb1 O-O 12. h4 Qc8 13. Nfg5 h6 14. Rh3 f5
15. Nc3 Nf6 16. Qxe6+ Qxe6 17. Nxe6 Rfc8 18. Bxf5 1-0

[Event "V Weekend"]
[Site "Rivarolo Mantovano ITA"]
[Date "2007.10.14"]
[Round "5"]
[White "Bozuffi, Italo"]
[Black "Salami, Marco"]
[Result "0-1"]
[WhiteElo "1882"]
[BlackElo "2225"]
[PlyCount "118"]
[EventDate "2007.10.12"]

1. f4 d5 2. Nf3 Nh6 3. e3 g6 4. c3 Bg7 5. Be2 O-O 6. O-O c5 7. d4 b6 8. Na3 Bb7
9. Ng5 Qd7 10. Bd2 Nc6 11. Qe1 f6 12. Nh3 e5 13. fxe5 fxe5 14. e4 exd4 15. exd5
Rxf1+ 16. Bxf1 Ne7 17. c4 Re8 18. Bxh6 Bxh6 19. Qd1 Nf5 20. Qg4 Qe7 21. Nc2 Ne3
22. Nxe3 Qxe3+ 23. Kh1 Bc8 24. Qg3 Qxg3 25. hxg3 Bf5 26. Nf2 Re3 27. g4 Bd7 28.
Rd1 a5 29. Bd3 Bf4 30. Ne4 Kg7 31. Nf2 Bg3 32. Kg1 Bxf2+ 33. Kxf2 Bxg4 34. Rd2
Kf6 35. Bc2 Ke5 36. Bd1 Bd7 37. Bc2 b5 38. b3 b4 39. Bb1 a4 40. Bc2 axb3 41.
axb3 Bf5 42. Bd1 h5 43. Ra2 Rc3 44. Re2+ Kd6 45. Ra2 Rc1 46. Ra6+ Ke5 47. Bf3
Rc3 48. d6 Rxb3 49. Bc6 Rb2+ 50. Kg3 Kxd6 51. Kf4 Bc8 52. Bb7+ Kc7 53. Bxc8
Kxc8 54. Rc6+ Kd7 55. Rxc5 Rxg2 56. Rb5 d3 57. Rd5+ Kc6 58. Rxd3 g5+ 59. Ke3
Kc5 0-1

[Event "V Weekend"]
[Site "Rivarolo Mantovano ITA"]
[Date "2007.10.14"]
[Round "5"]
[White "Buccella, Francescantonio"]
[Black "De Biaggi, Paolo"]
[Result "1/2-1/2"]
[WhiteElo "1509"]
[BlackElo "1949"]
[PlyCount "50"]
[EventDate "2007.10.12"]

1. e4 e5 2. Nf3 Nf6 3. Nc3 Bb4 4. Bc4 Bxc3 5. bxc3 d6 6. d3 h6 7. h3 O-O 8. O-O
a5 9. a4 Be6 10. Bb3 Nbd7 11. Be3 b6 12. c4 Rb8 13. Qd2 Re8 14. g4 Nh7 15. Kh2
g5 16. Rg1 c5 17. Rg3 Ndf8 18. Rag1 Ng6 19. h4 gxh4 20. Rh3 Qf6 21. Bxh6 Kh8
22. Be3 Rg8 23. Ng5 Nf4 24. Nxh7 Kxh7 25. Bxf4 exf4 1/2-1/2

[Event "V Weekend"]
[Site "Rivarolo Mantovano ITA"]
[Date "2007.10.14"]
[Round "5"]
[White "Gualtieri, Primo"]
[Black "Panizzi, Giuseppe"]
[Result "0-1"]
[WhiteElo "1679"]
[BlackElo "2131"]
[PlyCount "38"]
[EventDate "2007.10.12"]

1. e4 d6 2. d4 Nf6 3. Nc3 g6 4. f4 Bg7 5. Nf3 c6 6. Bc4 O-O 7. O-O b5 8. Bb3 b4
9. e5 bxc3 10. exf6 Bxf6 11. bxc3 Bf5 12. Bb2 a5 13. d5 Qb6+ 14. Kh1 a4 15. Nd4
Bxd4 16. cxd4 axb3 17. cxb3 cxd5 18. Qe1 e6 19. Rc1 Rxa2 0-1

[Event "V Weekend"]
[Site "Rivarolo Mantovano ITA"]
[Date "2007.10.14"]
[Round "5"]
[White "Mantovani, Celso"]
[Black "Brugaletta, Giorgio"]
[Result "0-1"]
[WhiteElo "1260"]
[BlackElo "1518"]
[PlyCount "60"]
[EventDate "2007.10.12"]

1. e4 c5 2. d4 cxd4 3. Nf3 Nc6 4. Qd3 e5 5. Nbd2 Qc7 6. a3 Be7 7. Be2 h6 8. h3
Nf6 9. O-O a6 10. Nc4 d6 11. Bd2 b5 12. c3 bxc4 13. Qxc4 Nxe4 14. Qd3 Nxd2 15.
Qxd2 dxc3 16. Qxc3 O-O 17. Rad1 Bf6 18. b4 e4 19. Nd4 Bb7 20. Qe3 Rac8 21. Nf5
Ne5 22. Qb3 d5 23. Ne3 d4 24. Rxd4 Nf3+ 25. gxf3 Bxd4 26. Nf5 Qe5 27. Ng3 Rc3
28. Qa4 exf3 29. Rd1 Qxg3+ 30. Kf1 Qxf2# 0-1

[Event "V Weekend"]
[Site "Rivarolo Mantovano ITA"]
[Date "2007.10.14"]
[Round "5"]
[White "Moi, Roberto"]
[Black "Acciaioli, Fabio"]
[Result "1-0"]
[WhiteElo "1939"]
[BlackElo "1754"]
[PlyCount "99"]
[EventDate "2007.10.12"]

1. e4 d6 2. d4 Nf6 3. Nc3 g6 4. Bg5 Bg7 5. f4 c5 6. e5 dxe5 7. Bb5+ Nfd7 8.
dxe5 a6 9. Bc4 O-O 10. Nf3 Nc6 11. e6 Nf6 12. exf7+ Kh8 13. Qxd8 Rxd8 14. Ne5
Bf8 15. Nxc6 bxc6 16. O-O Bf5 17. Rac1 Kg7 18. Rfe1 Rd4 19. b3 h6 20. Bxf6+
Kxf6 21. Ne2 Rd6 22. Ng3 e6 23. Ne4+ Bxe4 24. Rxe4 Kxf7 25. Rce1 Re8 26. Bxa6
Rd4 27. Bc4 Rxe4 28. Rxe4 Bg7 29. Kf2 Bc3 30. Ke2 Kf6 31. Kd3 Ba5 32. g4 e5 33.
h4 Rd8+ 34. Ke2 Bc3 35. fxe5+ Bxe5 36. a4 Rd4 37. Bd3 g5 38. hxg5+ hxg5 39. a5
Ke6 40. a6 Rd7 41. Ra4 Ra7 42. Bf5+ Kd6 43. Bc8 Bc3 44. Bb7 Kd5 45. Kd3 Be5 46.
Re4 Bc7 47. Re7 Kd6 48. Rg7 Bd8 49. Rg6+ Kd7 50. Rxc6 1-0

[Event "V Weekend"]
[Site "Rivarolo Mantovano ITA"]
[Date "2007.10.14"]
[Round "5"]
[White "Morini, Mattia"]
[Black "Pellizzari, Marco"]
[Result "1-0"]
[WhiteElo "1440"]
[BlackElo "1440"]
[PlyCount "75"]
[EventDate "2007.10.12"]

1. e4 c5 2. Nc3 Nc6 3. Nf3 d6 4. Bc4 Nf6 5. d3 e6 6. Be3 Be7 7. h3 O-O 8. Qe2
a6 9. O-O-O b5 10. Bb3 Na5 11. a3 Nxb3+ 12. cxb3 b4 13. Na2 a5 14. d4 Nxe4 15.
dxc5 Qc7 16. Qc2 Nxc5 17. Bxc5 Qxc5 18. Qxc5 dxc5 19. Ne5 Bb7 20. f3 Rad8 21.
Nc4 Rxd1+ 22. Rxd1 Bd5 23. Kc2 a4 24. axb4 Bxc4 25. bxc4 cxb4 26. b3 a3 27. Rd7
Re8 28. Rb7 f5 29. Nxb4 Bxb4 30. Rxb4 Ra8 31. Ra4 Rxa4 32. bxa4 e5 33. a5 e4
34. fxe4 fxe4 35. a6 e3 36. a7 e2 37. Kd2 a2 38. a8=Q+ 1-0

[Event "V Weekend"]
[Site "Rivarolo Mantovano ITA"]
[Date "2007.10.14"]
[Round "5"]
[White "Porpora, Ivano"]
[Black "Cottarelli, Franco"]
[Result "0-1"]
[WhiteElo "1521"]
[BlackElo "1954"]
[PlyCount "80"]
[EventDate "2007.10.12"]

1. e4 e5 2. Nf3 Nc6 3. Bb5 Bc5 4. c3 Nf6 5. O-O O-O 6. Bxc6 bxc6 7. d4 exd4 8.
e5 Nd5 9. cxd4 Bb6 10. Qd3 Nb4 11. Qe4 d5 12. Qe2 Ba6 13. Qd2 Bxf1 14. Kxf1 a5
15. a3 Na6 16. Qd3 f5 17. exf6 Qxf6 18. Bg5 Qf5 19. Qd1 Rae8 20. Be3 c5 21. Qe2
cxd4 22. Qxa6 dxe3 23. Nc3 exf2 24. Qb5 Re1+ 25. Rxe1 fxe1=Q+ 26. Kxe1 Qe6+ 27.
Kd1 d4 28. Qd5 Re8 29. Qxe6+ Rxe6 30. Nd5 a4 31. Kd2 Kf8 32. Nxb6 Rxb6 33. Nxd4
Rxb2+ 34. Nc2 Ke7 35. g3 Kd6 36. Kd3 Rb3+ 37. Kc4 c5 38. g4 Kc6 39. h4 Rg3 40.
g5 Rg4+ 0-1

[Event "V Weekend"]
[Site "Rivarolo Mantovano ITA"]
[Date "2007.10.14"]
[Round "5"]
[White "Raisi, Michele"]
[Black "Benedetti, Maurizio"]
[Result "1-0"]
[WhiteElo "1441"]
[BlackElo "1493"]
[PlyCount "83"]
[EventDate "2007.10.12"]

1. e4 c5 2. Nf3 d6 3. d4 cxd4 4. Nxd4 Nf6 5. Nc3 e6 6. Bg5 Be7 7. Bd3 Bd7 8.
Qd2 Nc6 9. Nxc6 Bxc6 10. f3 Qb6 11. O-O-O d5 12. exd5 Nxd5 13. Nxd5 Bxd5 14.
Bxe7 Kxe7 15. Qg5+ Kf8 16. Kb1 f6 17. Qg4 h5 18. Qh4 g5 19. Qe1 e5 20. Be4 Bxe4
21. Qxe4 Ke7 22. h4 gxh4 23. Qxh4 Rad8 24. Qe1 Rxd1+ 25. Qxd1 Rd8 26. Qc1 Qf2
27. Rxh5 Qxg2 28. b3 Qxf3 29. Rh7+ Ke6 30. Qa3 Rd1+ 31. Kb2 Qf4 32. Qe7+ Kf5
33. Rh5+ Kg4 34. Qh7 Qc1+ 35. Kc3 Qa1+ 36. Kb4 Rd4+ 37. c4 a5+ 38. Kb5 Rf4 39.
Qg6+ Kf3 40. Qd3+ Kg2 41. Qe2+ Kg1 42. Qh2+ 1-0

[Event "V Weekend"]
[Site "Rivarolo Mantovano ITA"]
[Date "2007.10.14"]
[Round "5"]
[White "Stradiotti, Maurizio"]
[Black "La Venia, Stefano"]
[Result "0-1"]
[WhiteElo "1668"]
[BlackElo "1808"]
[PlyCount "82"]
[EventDate "2007.10.12"]

1. d4 d5 2. Nf3 Nf6 3. Bg5 Bf5 4. e3 Nbd7 5. Bd3 Bxd3 6. Qxd3 g6 7. Nbd2 Bg7 8.
O-O O-O 9. Rac1 c5 10. Qb5 b6 11. c4 dxc4 12. Qxc4 h6 13. Bf4 Nh5 14. Bg3 Nxg3
15. fxg3 Rc8 16. Qd3 cxd4 17. exd4 Nc5 18. Qe3 Ne6 19. Nb3 Nc7 20. Rfe1 Nd5 21.
Qe2 e6 22. Kh1 Qd7 23. Ne5 Qa4 24. Nxg6 Rxc1 25. Rxc1 Re8 26. Ne5 Qxa2 27. Qc2
Qa6 28. Qf2 Re7 29. Nd2 h5 30. Ne4 f5 31. Nd6 Bh6 32. Nxf5 exf5 33. Qxf5 Bxc1
34. Qg6+ Kf8 35. Qf5+ Ke8 36. Qg6+ Kd8 37. h3 Qf1+ 38. Kh2 Be3 39. Nf3 Kc7 40.
Qf5 h4 41. gxh4 Bf4+ 0-1

[Event "V Weekend"]
[Site "Rivarolo Mantovano ITA"]
[Date "2007.10.14"]
[Round "5"]
[White "Trangoni, Bruno"]
[Black "Pipitone, Antonio"]
[Result "0-1"]
[WhiteElo "1983"]
[BlackElo "2028"]
[PlyCount "96"]
[EventDate "2007.10.12"]

1. Nf3 Nf6 2. d4 g6 3. Bf4 Bg7 4. e3 d6 5. Be2 Nbd7 6. h3 c5 7. c3 O-O 8. Nbd2
Re8 9. O-O b6 10. Qb3 Bb7 11. Rfe1 d5 12. Ne5 Nxe5 13. Bxe5 Nd7 14. Bxg7 Kxg7
15. Nf3 Qc7 16. c4 e6 17. Rac1 dxc4 18. Qxc4 Bd5 19. Qc3 Kg8 20. b4 c4 21. Nh2
b5 22. e4 Bb7 23. e5 f5 24. a4 a6 25. a5 Nb8 26. Bf3 Bxf3 27. Qxf3 Qc6 28. Qe3
Qd7 29. g4 Nc6 30. gxf5 exf5 31. Red1 Nxb4 32. h4 Nd3 33. Rxd3 cxd3 34. h5 Rac8
35. Rd1 Rc3 36. hxg6 hxg6 37. Nf3 b4 38. Kg2 Qb7 39. Rh1 d2 40. Qf4 Rec8 41.
Rd1 Rd3 42. Rxd2 Rxd2 43. Qxd2 b3 44. Qh6 b2 45. Qxg6+ Qg7 46. Qxg7+ Kxg7 47.
Nd2 Rc2 48. Nb1 Rc1 0-1

[Event "V Weekend"]
[Site "Rivarolo Mantovano ITA"]
[Date "2007.10.14"]
[Round "5"]
[White "Vicentini, Giovanni"]
[Black "Boni, Gianni"]
[Result "0-1"]
[WhiteElo "1365"]
[BlackElo "1730"]
[PlyCount "130"]
[EventDate "2007.10.12"]

1. d4 b6 2. c4 Bb7 3. Nc3 e6 4. Nf3 Bb4 5. a3 Bxc3+ 6. bxc3 d6 7. e3 Nd7 8. Be2
Qe7 9. O-O O-O-O 10. a4 a5 11. Ba3 f5 12. Ne5 Ngf6 13. Bf3 Ne4 14. Bxe4 fxe4
15. Nxd7 Rxd7 16. d5 h5 17. Qd4 exd5 18. cxd5 Rf8 19. c4 Qg5 20. Rab1 h4 21. h3
Qd8 22. Qd1 Kb8 23. Bb2 Rdf7 24. Bc3 Rf5 25. Qg4 Qc8 26. Kh1 g5 27. Qd1 Rg8 28.
Qg4 Qf8 29. Rb2 Rf7 30. Qxe4 Re7 31. Qd4 Qe8 32. Qd1 Re4 33. Bd4 g4 34. hxg4
Rexg4 35. Rg1 Qg6 36. Qf1 Ka7 37. Kh2 Bc8 38. Ra2 Bf5 39. Ra3 Rg5 40. Rc3 Qe8
41. Ra3 Be4 42. f3 Bf5 43. Bf6 Rg3 44. Bxh4 Qh5 45. Rh1 Qxh4+ 46. Kg1 Rxg2+ 47.
Qxg2 Rxg2+ 48. Kxg2 Qxc4 49. Raa1 Qe2+ 50. Kg3 Qxe3 51. Rac1 Qg5+ 52. Kf2 Kb7
53. Rc4 Bd7 54. Rh7 Qd2+ 55. Kg3 Qxd5 56. Rc2 Qg5+ 57. Kf2 Bc6 58. Rc4 Qf5 59.
Re7 Qxf3+ 60. Ke1 Qd3 61. Rc1 Qg3+ 62. Kd2 Qf4+ 63. Kd1 Qxa4+ 64. Ke1 Qb4+ 65.
Kd1 a4 0-1

[Event "V Weekend"]
[Site "Rivarolo Mantovano ITA"]
[Date "2007.10.14"]
[Round "5"]
[White "Zuccaro, Guido"]
[Black "Menini, Luca"]
[Result "1/2-1/2"]
[WhiteElo "1836"]
[BlackElo "1616"]
[PlyCount "99"]
[EventDate "2007.10.12"]

1. c4 e5 2. Nc3 g6 3. g3 Bg7 4. Bg2 Nf6 5. d3 O-O 6. e3 c6 7. Nf3 Re8 8. e4 d6
9. O-O Na6 10. h3 Nc7 11. Be3 Ne6 12. Qd2 Bd7 13. Rac1 Qe7 14. d4 exd4 15. Nxd4
c5 16. Nde2 Nc7 17. Bg5 Qf8 18. Bf4 Bc6 19. Qxd6 Qxd6 20. Bxd6 Ne6 21. e5 Bxg2
22. Kxg2 Nd7 23. f4 Bf8 24. Bxf8 Kxf8 25. Rcd1 Nb6 26. b3 Red8 27. Nd5 Nxd5 28.
cxd5 Nc7 29. d6 Ne6 30. Rc1 Rac8 31. Rc3 Ke8 32. Rfc1 b6 33. a4 h6 34. b4 Kd7
35. bxc5 Nxc5 36. a5 Na6 37. Rxc8 Rxc8 38. Rxc8 Kxc8 39. axb6 axb6 40. Nd4 Kd7
41. Kf3 Nb4 42. Ke3 Nd5+ 43. Kd3 f6 44. Ke2 fxe5 45. fxe5 Nc3+ 46. Kf3 b5 47.
h4 b4 48. Kg4 Ne4 49. h5 gxh5+ 50. Kh4 1/2-1/2

[Event "II Open A"]
[Site "Novi Ligure ITA"]
[Date "2007.10.14"]
[Round "4"]
[White "Giretti Kanev, Jasen"]
[Black "Quirico, Paolo"]
[Result "1-0"]
[WhiteElo "2189"]
[BlackElo "2092"]
[PlyCount "65"]
[EventDate "2007.10.12"]

1. Nf3 Nf6 2. d4 g6 3. Bg5 Bg7 4. e3 d5 5. Bd3 c5 6. c3 Nc6 7. Nbd2 O-O 8. Qc2
Re8 9. O-O e5 10. dxe5 Nxe5 11. Nxe5 Rxe5 12. f4 Rxe3 13. f5 Rxd3 14. Qxd3 Bxf5
15. Qb5 Qc7 16. Bxf6 Bxf6 17. g4 Bd7 18. Qd3 Be5 19. Nf3 Bxg4 20. Nxe5 Qxe5 21.
Rae1 Qc7 22. Qxd5 Rd8 23. Rxf7 Qxh2+ 24. Kxh2 Rxd5 25. Rxb7 Bd7 26. Re7 Rh5+
27. Kg3 Rg5+ 28. Kf4 Rf5+ 29. Ke3 Bc6 30. Rbc7 Bd5 31. Rg7+ Kf8 32. Rxh7 Re5+
33. Kd2 1-0

[Event "Weekend Felice Bosi A"]
[Site "Milano ITA"]
[Date "2007.10.20"]
[Round "1"]
[White "Astengo, Marcello"]
[Black "Bozzali, Ermanno"]
[Result "1-0"]
[WhiteElo "2024"]
[BlackElo "2136"]
[PlyCount "49"]
[EventDate "2007.10.20"]

1. d4 Nf6 2. c4 e6 3. Nc3 Bb4 4. Qc2 Nc6 5. Nf3 d6 6. a3 Bxc3+ 7. Qxc3 a5 8.
Bf4 O-O 9. e3 Ne4 10. Qc2 f5 11. Bd3 d5 12. h3 Kh8 13. O-O g5 14. Bh2 g4 15.
hxg4 fxg4 16. Bxe4 gxf3 17. Bxf3 Rxf3 18. gxf3 e5 19. cxd5 Qg5+ 20. Kh1 Bh3 21.
Rg1 Qh5 22. Rg3 Bf5 23. Qc5 Rg8 24. Rag1 Re8 25. Qxc6 1-0

[Event "Weekend Felice Bosi A"]
[Site "Milano ITA"]
[Date "2007.10.20"]
[Round "1"]
[White "Crippa, Gabriele"]
[Black "Serio, Danilo"]
[Result "0-1"]
[WhiteElo "2087"]
[BlackElo "2017"]
[PlyCount "76"]
[EventDate "2007.10.20"]

1. d4 f5 2. Bf4 Nf6 3. e3 e6 4. h3 b6 5. Nf3 Bb7 6. Bd3 Be7 7. g4 Nd5 8. Be5
O-O 9. gxf5 d6 10. Bg3 exf5 11. Bc4 Kh8 12. h4 Qe8 13. Kd2 Qc6 14. Qe2 Nf6 15.
d5 Nxd5 16. Nd4 Qd7 17. Re1 Nf6 18. Nc3 d5 19. Bb5 c6 20. Ba4 b5 21. Bb3 b4 22.
Nb1 Ba6 23. Qf3 Ne4+ 24. Kc1 c5 25. Ba4 Qxa4 26. Ne6 Nc6 27. h5 Rf6 28. b3 Qa5
29. Bc7 Qb5 30. Nf4 c4 31. a4 bxa3 32. Nxa3 Bxa3+ 33. Rxa3 Qb4 34. Rxa6 Qd2+
35. Kb2 Qc3+ 36. Ka3 Qxe1 37. Kb2 c3+ 38. Ka2 Nb4+ 0-1

[Event "Weekend Felice Bosi A"]
[Site "Milano ITA"]
[Date "2007.10.20"]
[Round "1"]
[White "Damia, Angelo"]
[Black "Brenco, Marco"]
[Result "1-0"]
[WhiteElo "2266"]
[BlackElo "2030"]
[PlyCount "55"]
[EventDate "2007.10.20"]

1. e4 c5 2. a3 Nc6 3. b4 cxb4 4. axb4 Nxb4 5. d4 d5 6. c3 Nc6 7. exd5 Qxd5 8.
Na3 Nf6 9. Nb5 Qe4+ 10. Ne2 Nd5 11. c4 Ndb4 12. f3 Qf5 13. Ng3 Qc2 14. Nc7+ Kd8
15. Nxa8 Qc3+ 16. Bd2 Nc2+ 17. Kf2 Qxd4+ 18. Be3 Nxe3 19. Qxd4+ Nxd4 20. Bd3
Nec2 21. Bxc2 Nxc2 22. Rhd1+ Bd7 23. Rxa7 e5 24. Nb6 Bc5+ 25. Ke2 Nd4+ 26. Rxd4
Bxd4 27. Ra8+ Ke7 28. Nd5+ 1-0

[Event "Weekend Felice Bosi A"]
[Site "Milano ITA"]
[Date "2007.10.20"]
[Round "1"]
[White "Didoni, Renato"]
[Black "Zacco, Remo"]
[Result "1-0"]
[WhiteElo "2034"]
[BlackElo "1994"]
[PlyCount "101"]
[EventDate "2007.10.20"]

1. Nf3 d6 2. d4 g6 3. Nc3 Bg7 4. e4 Nd7 5. Bc4 e6 6. Bg5 Ne7 7. Qd2 h6 8. Bh4
a6 9. O-O-O b5 10. Bd3 Bb7 11. Rhe1 O-O 12. d5 e5 13. Ng1 Nb6 14. a3 g5 15. Bg3
Ng6 16. f3 Bc8 17. Bf2 Rb8 18. Be3 Bd7 19. Na2 Nf4 20. Bf1 Qe8 21. g3 Ng6 22.
h4 f6 23. Bh3 Bxh3 24. Nxh3 Nc4 25. Qf2 a5 26. hxg5 fxg5 27. Qe2 Nxe3 28. Qxe3
b4 29. Rd3 Qd7 30. Nf2 Rb7 31. Rh1 bxa3 32. Rxa3 a4 33. Nc3 Rb4 34. Ng4 Qd8 35.
Nxh6+ Bxh6 36. Rxh6 Nh8 37. Qe2 Qe7 38. Qh2 Qg7 39. Qh5 Rxf3 40. Rxh8+ Qxh8 41.
Qxf3 Qh2 42. Nd1 Rd4 43. Rd3 Rc4 44. Rd2 Qg1 45. b3 axb3 46. Qxb3 Qc5 47. Nb2
Rb4 48. Qa3 Qg1+ 49. Rd1 Qb6 50. Rf1 Kg7 51. Qf3 1-0

[Event "Weekend Felice Bosi A"]
[Site "Milano ITA"]
[Date "2007.10.20"]
[Round "1"]
[White "Sirletti, Sonia"]
[Black "Quaranta, Cristiano"]
[Result "1/2-1/2"]
[WhiteElo "1999"]
[BlackElo "2070"]
[PlyCount "54"]
[EventDate "2007.10.20"]

1. d4 d5 2. c4 c6 3. cxd5 cxd5 4. Nc3 Nf6 5. Nf3 Nc6 6. Bf4 a6 7. e3 Qb6 8. Qd2
Bf5 9. Na4 Qb4 10. Nc5 Qxd2+ 11. Kxd2 Rc8 12. Rc1 Ne4+ 13. Nxe4 Bxe4 14. Be2 e6
15. a3 f6 16. Rc3 g5 17. Bg3 Kd7 18. Rhc1 Be7 19. Ne1 Na5 20. f3 Bg6 21. Rc7+
Rxc7 22. Rxc7+ Kd8 23. b4 e5 24. Rc3 exd4 25. exd4 Nc6 26. Bf2 Nxb4 27. Rb3 Nc6
1/2-1/2

[Event "Weekend Felice Bosi A"]
[Site "Milano ITA"]
[Date "2007.10.21"]
[Round "2"]
[White "Astengo, Marcello"]
[Black "Didoni, Renato"]
[Result "1/2-1/2"]
[WhiteElo "2024"]
[BlackElo "2034"]
[PlyCount "39"]
[EventDate "2007.10.20"]

1. d4 Nf6 2. c4 c6 3. Nc3 d5 4. e3 Bf5 5. Nf3 e6 6. Be2 Bd6 7. c5 Bc7 8. Nh4
Bg6 9. Nxg6 hxg6 10. g3 Nbd7 11. O-O Qb8 12. Bf3 Nh5 13. e4 dxe4 14. Nxe4 Ndf6
15. Qb3 Nd5 16. Bd2 Nhf6 17. Rae1 O-O 18. Bg5 Nxe4 19. Rxe4 Nf6 20. Bxf6
1/2-1/2

[Event "Weekend Felice Bosi A"]
[Site "Milano ITA"]
[Date "2007.10.21"]
[Round "2"]
[White "Brenco, Marco"]
[Black "Sirletti, Sonia"]
[Result "1-0"]
[WhiteElo "2030"]
[BlackElo "1999"]
[PlyCount "83"]
[EventDate "2007.10.20"]

1. e4 d5 2. exd5 Qxd5 3. Nc3 Qd6 4. d4 Nf6 5. Bd3 a6 6. Nge2 Nc6 7. Bf4 e5 8.
dxe5 Nxe5 9. O-O Bg4 10. h3 Bh5 11. Re1 O-O-O 12. Bf5+ Kb8 13. Bxe5 Qe7 14.
Bxf6 Qxf6 15. Bd3 Bb4 16. Qd2 g5 17. a3 Ba5 18. Ng3 Bg6 19. Nge4 Qc6 20. Qe2
Rhg8 21. Qf3 g4 22. hxg4 f5 23. Ng3 Qxf3 24. gxf3 fxg4 25. Bxg6 Rxg6 26. fxg4
Rxg4 27. Re4 Rg6 28. Rd1 Rf8 29. Nd5 c6 30. Ne3 Bc7 31. Rg4 Rgf6 32. Rd2 Bb6
33. Ne4 Re6 34. Rd6 Re7 35. c4 Bc7 36. Rf6 Rfe8 37. Nd6 Rd8 38. c5 a5 39. b4
axb4 40. axb4 b6 41. Kf1 bxc5 42. bxc5 1-0

[Event "Weekend Felice Bosi A"]
[Site "Milano ITA"]
[Date "2007.10.21"]
[Round "2"]
[White "Quaranta, Cristiano"]
[Black "Bozzali, Ermanno"]
[Result "0-1"]
[WhiteElo "2070"]
[BlackElo "2136"]
[PlyCount "92"]
[EventDate "2007.10.20"]

1. d4 Nf6 2. Nf3 e6 3. Bg5 d5 4. Nbd2 c5 5. e3 Nc6 6. c3 Qb6 7. Rb1 Bd7 8. Bd3
h6 9. Bf4 Be7 10. O-O g5 11. Be5 g4 12. dxc5 Qxc5 13. Bd4 Nxd4 14. exd4 Qc7 15.
Ne5 Bd6 16. f4 h5 17. Qe2 Rf8 18. Rbc1 Qb6 19. f5 O-O-O 20. Kh1 exf5 21. Nxd7
Nxd7 22. Rxf5 Qxb2 23. Rc2 Qb6 24. Rxd5 Rde8 25. Qf1 Qc7 26. Bf5 Kb8 27. Ne4
Nb6 28. Rxd6 Rxe4 29. Rd8+ Rxd8 30. Bxe4 Re8 31. Bd3 Nd5 32. c4 Nb4 33. Re2
Rxe2 34. Qxe2 Nxd3 35. Qxd3 Qf4 36. Qg3 Qxg3 37. hxg3 Kc7 38. Kg1 a6 39. a4 b5
40. axb5 a5 41. c5 a4 42. b6+ Kb7 43. d5 a3 44. d6 a2 45. d7 a1=Q+ 46. Kh2 Qd4
0-1

[Event "Weekend Felice Bosi A"]
[Site "Milano ITA"]
[Date "2007.10.21"]
[Round "2"]
[White "Serio, Danilo"]
[Black "Damia, Angelo"]
[Result "0-1"]
[WhiteElo "2017"]
[BlackElo "2266"]
[PlyCount "74"]
[EventDate "2007.10.20"]

1. f4 e5 2. d3 exf4 3. Bxf4 d5 4. Nf3 Bd6 5. Qd2 Nf6 6. g3 O-O 7. Bg2 Bxf4 8.
Qxf4 c6 9. Nbd2 Nbd7 10. g4 Nc5 11. g5 Ne6 12. Qh4 Ne8 13. Bh3 Qd6 14. e4 Qf4
15. O-O-O Qxh4 16. Nxh4 Nxg5 17. Bxc8 Rxc8 18. Nf5 Rd8 19. exd5 cxd5 20. h4 Ne6
21. h5 h6 22. Nf3 Kh7 23. Rde1 Nf6 24. Ne5 Nf4 25. Ng3 Rde8 26. d4 g6 27. hxg6+
fxg6 28. Ref1 N6h5 29. Nxh5 Nxh5 30. Rfg1 Nf4 31. Rg4 Kg7 32. Kd1 g5 33. c3
Rxe5 34. dxe5 Nd3 35. Rg2 Nf2+ 36. Rxf2 Rxf2 37. e6 Rf4 0-1

[Event "Weekend Felice Bosi A"]
[Site "Milano ITA"]
[Date "2007.10.21"]
[Round "2"]
[White "Zacco, Remo"]
[Black "Crippa, Gabriele"]
[Result "0-1"]
[WhiteElo "1994"]
[BlackElo "2087"]
[PlyCount "103"]
[EventDate "2007.10.20"]

1. e4 e5 2. Nf3 d6 3. d4 exd4 4. Nxd4 Nf6 5. Nc3 Be7 6. Be2 O-O 7. Be3 Bd7 8.
O-O Nc6 9. Nb3 Re8 10. Bg5 Nxe4 11. Bxe7 Rxe7 12. Nd5 Re8 13. a3 Nf6 14. Ne3 a6
15. c4 Be6 16. Nd4 Nxd4 17. Qxd4 c5 18. Qc3 Qe7 19. Rfd1 Rab8 20. a4 b5 21.
axb5 axb5 22. b3 bxc4 23. bxc4 Qb7 24. Qd3 Rbd8 25. Bf3 Qb2 26. Ra6 Qe5 27. h3
Qg5 28. Rxd6 Rxd6 29. Qxd6 Bxh3 30. Qc6 h5 31. Nd5 Nd7 32. Ne3 Nf6 33. Rd5 Qg6
34. Rxc5 Bg4 35. Ra5 Qb1+ 36. Kh2 Qe1 37. Ra8 Bd7 38. Rxe8+ Bxe8 39. Qc8 Qxf2
40. Nf5 Kh7 41. Qc7 Bd7 42. Ng3 Bg4 43. Ne4 Qh4+ 44. Kg1 Qe1+ 45. Kh2 Nxe4 46.
Bxe4+ Qxe4 47. Qxf7 Qe5+ 48. Kg1 Be6 49. Qe8 Qe3+ 50. Kh2 Qf4+ 51. Kg1 Bxc4 52.
Qa4 0-1